Kenya 2020 : (Record no. 2111)

MARC details
000 -LEADER
fixed length control field 00962cam a2200313 i 4500
001 - CONTROL NUMBER
control field 21839178
003 - CONTROL NUMBER IDENTIFIER
control field OSt
005 - DATE AND TIME OF LATEST TRANSACTION
control field 20230621113424.0
008 - FIXED-LENGTH DATA ELEMENTS--GENERAL INFORMATION
fixed length control field 201214s2019 ke a f000 0 eng
010 ## - LIBRARY OF CONGRESS CONTROL NUMBER
LC control number 2020336572
020 ## - INTERNATIONAL STANDARD BOOK NUMBER
International Standard Book Number 9789966194749
040 ## - CATALOGING SOURCE
Original cataloging agency DLC
Language of cataloging eng
Transcribing agency DLC
Description conventions rda
042 ## - AUTHENTICATION CODE
Authentication code pcc
-- lcode
043 ## - GEOGRAPHIC AREA CODE
Geographic area code f-ke---
050 00 - LIBRARY OF CONGRESS CALL NUMBER
Classification number DT433.522
Item number .K356 2019
082 ## - DEWEY DECIMAL CLASSIFICATION NUMBER
Classification number 030.6762
Item number KEN
245 00 - TITLE STATEMENT
Title Kenya 2020 :
Remainder of title facts and figures.
246 14 - VARYING FORM OF TITLE
Title proper/short title Kenya :
Remainder of title facts & figures
264 #1 - PRODUCTION, PUBLICATION, DISTRIBUTION, MANUFACTURE, AND COPYRIGHT NOTICE
Place of production, publication, distribution, manufacture Nairobi :
Name of producer, publisher, distributor, manufacturer Kenya Yearbook Editorial Board,
Date of production, publication, distribution, manufacture, or copyright notice [2019]
300 ## - PHYSICAL DESCRIPTION
Extent 81 pages :
Other physical details color illustrations ;
Dimensions 22 x 11 cm
336 ## - CONTENT TYPE
Content type term text
Content type code txt
Source rdacontent
337 ## - MEDIA TYPE
Media type term unmediated
Media type code n
Source rdamedia
338 ## - CARRIER TYPE
Carrier type term volume
Carrier type code nc
Source rdacarrier
651 #0 - SUBJECT ADDED ENTRY--GEOGRAPHIC NAME
Geographic name Kenya.
710 2# - ADDED ENTRY--CORPORATE NAME
Corporate name or jurisdiction name as entry element Kenya Yearbook Editorial Board,
Relator term issuing body.
906 ## - LOCAL DATA ELEMENT F, LDF (RLIN)
a 7
b cbc
c origode
d 3
e ncip
f 20
g y-gencatlg
942 ## - ADDED ENTRY ELEMENTS (KOHA)
Source of classification or shelving scheme Dewey Decimal Classification
Koha item type Books
Holdings
Withdrawn status Lost status Source of classification or shelving scheme Damaged status Not for loan Home library Current library Date acquired Total Checkouts Full call number Barcode Date last seen Price effective from Koha item type
    Dewey Decimal Classification     Bunge Tower Library Bunge Tower Library 06/21/2023   030.6762 KEN 20230041 06/21/2023 06/21/2023 Books
    Dewey Decimal Classification     Bunge Tower Library Bunge Tower Library 06/21/2023   030.6762 KEN 20230040 06/21/2023 06/21/2023 Books
    Dewey Decimal Classification     Bunge Tower Library Bunge Tower Library 06/21/2023   030.6762 KEN 20230042 06/21/2023 06/21/2023 Books
LIBRARY OPENING HOURS

When the Parliament is sitting: 8.00a.m - 7.00p.m or until the house adjourns
Mondays and Fridays and when the House is on Recess:  8.00a.m - 5.00p.m
Closed on Weekends and Public Holidays

Online Public Access Catalog (OPAC)
Website: http://www.parliament.go.ke
Bunge Library: https://libraryir.parliament.go.ke
Contact: library@parliament.go.ke | Tel no: (254-2)2221291 or 2848000 Ext 5043